000 00660nam a2200229Ia 4500
003 GCL
008 140319s9999 xx 000 0 ara d
040 _aGCL /
_cGCL
082 0 4 _a657
_bع ت
100 1 _aعبدالحى مرعى
245 1 0 _aالتطور المحاسبى والمشاكل المحاسبية المعاصرة /
_cعبدالحى مرعى
700 1 _aمحمد سمير الصبان
300 _a456 ص
490 _a
650 0 4 _aالمحاسبة
650 0 4 _aالارباح
650 0 4 _aالاسعار
650 0 4 _aالموارد
650 0 4 _aالخسائر
650 0 4 _aالدخل الاقتصادى
942 _2ddc
_cBK
999 _c45968
_d45968